| 000 | 01215nam a2200277Ia 4500 | ||
|---|---|---|---|
| 001 | 270.8-EUS ce hi (20558) | ||
| 003 | IT-MiSPE | ||
| 008 | 171229s9999||||xx |||||||||||||| ||und|| | ||
| 040 |
_aIT-MiSPE _cIT-MiSPE |
||
| 041 | _aITALIANO | ||
| 100 | _aEusebio di Cesarea (Eusèbe de Césarée) | ||
| 240 | _aHistoria ecclesiastica; Ekklesiastikè historía | ||
| 245 | 0 |
_aStoria ecclesiastica _bI. Libri I-V |
|
| 250 | _a2a ed. | ||
| 260 |
_aRoma _bCittà Nuova _c2005 |
||
| 300 |
_a319 p. [2 v.] _c20 cm |
||
| 490 |
_a Testi patristici _v158 |
||
| 500 | _aChiesa - Storia, sec. I-IV | ||
| 501 | _aEdizioni San Paolo srl - Piazza Soncino, 5 - 20092 CINISELLO BALSAMO (MI) (non commercial uses only) ® Copyright 2018 | ||
| 520 | _aFranzo Migliore (intr.) | ||
| 700 |
_aFranzo Migliore _g(traduzione) |
||
| 700 | _aSalvatore Borzì | ||
| 942 | _cBK | ||
| 957 | _71 | ||
| 999 |
_a8731 _bNO _g Copie: 1 _c346452 _d346452 |
||